<?xml version="1.0" encoding="UTF-8"?>
<record
    xmlns:xsi="http://www.w3.org/2001/XMLSchema-instance"
    xsi:schemaLocation="http://www.loc.gov/MARC21/slim http://www.loc.gov/standards/marcxml/schema/MARC21slim.xsd"
    xmlns="http://www.loc.gov/MARC21/slim">

  <leader>02119cam a2200193 a 4500</leader>
  <datafield tag="020" ind1=" " ind2=" ">
    <subfield code="a">9780262512848 (pbk. : alk. paper)</subfield>
  </datafield>
  <datafield tag="020" ind1=" " ind2=" ">
    <subfield code="a">026251284X (pbk. : alk. paper)</subfield>
  </datafield>
  <datafield tag="082" ind1="0" ind2="0">
    <subfield code="a">153</subfield>
    <subfield code="b">TOR</subfield>
  </datafield>
  <datafield tag="100" ind1="1" ind2=" ">
    <subfield code="a">Torey, Zoltan.</subfield>
  </datafield>
  <datafield tag="245" ind1="1" ind2="4">
    <subfield code="a">The crucible of consciousness : An Integrated theory of Mind and Brain</subfield>
  </datafield>
  <datafield tag="250" ind1=" " ind2=" ">
    <subfield code="a">1st MIT Press ed.</subfield>
  </datafield>
  <datafield tag="260" ind1=" " ind2=" ">
    <subfield code="a">Cambridge, MA :</subfield>
    <subfield code="b">MIT Press,</subfield>
    <subfield code="c">2009.</subfield>
  </datafield>
  <datafield tag="300" ind1=" " ind2=" ">
    <subfield code="a">xvi, 247 p. :</subfield>
    <subfield code="b">ill. ;</subfield>
  </datafield>
  <datafield tag="500" ind1=" " ind2=" ">
    <subfield code="a">"A Bradford book"--P. [4] of cover.</subfield>
  </datafield>
  <datafield tag="500" ind1=" " ind2=" ">
    <subfield code="a">Originally published: Melbourne ; New York : Oxford University Press, 1999.  With new foreword.</subfield>
  </datafield>
  <datafield tag="505" ind1="0" ind2=" ">
    <subfield code="a">Foreword / by Daniel C Dennett -- Preface -- Perspective. The problem ; The path to the solution ; Some technical aspects -- The emergence of the human brain. The upgrading of the prehuman brain ; Modifications that underlie language ; The internal representation of the outside world -- Adaptive changes for speech and thought. Dual excitation and the oscillation of attention ; The building blocks of language -- The evolution of language. The breakthrough to protolanguage ; Secondary language evolution ; Using the language instrument ; Language and the limits of abstraction -- More about language. The perceptual basis of language ; The acquisition of language by the child ; Ape talk : a tip without an iceberg -- Self-accessibility. Problems of self-detection ; Elements of self-detection -- Reflection: the key to human awareness. Double-stranded reentrance ; The mechanism of reflective awareness ; Self-awareness -- The mind-system. The new identity : brain to mind ; The alchemy of self-deception ; Problems with self-conceptualization ; The "freedom" of the system : fact and fiction about the mind -- The mind versus the computer. Formalism and the logic of misconstruction ; Model formation and the role of semantics ; Society and the shaping of the mind -- Evolution : the model of the loaded dice. The watershed of insights ; Prejudice and counterprejudice -- Between the quantum and the cosmos. A range of perspectives ; Light at the end of the tunnel.</subfield>
  </datafield>
  <datafield tag="650" ind1=" " ind2="0">
    <subfield code="a">Consciousness.</subfield>
  </datafield>
  <datafield tag="942" ind1=" " ind2=" ">
    <subfield code="c">BK</subfield>
  </datafield>
  <datafield tag="952" ind1=" " ind2=" ">
    <subfield code="0">0</subfield>
    <subfield code="1">0</subfield>
    <subfield code="4">0</subfield>
    <subfield code="7">0</subfield>
    <subfield code="a">HMI</subfield>
    <subfield code="b">HMI</subfield>
    <subfield code="c">GEN</subfield>
    <subfield code="d">2019-10-10</subfield>
    <subfield code="l">0</subfield>
    <subfield code="o">153 TOR</subfield>
    <subfield code="p">25626</subfield>
    <subfield code="r">2019-10-10</subfield>
    <subfield code="w">2019-10-10</subfield>
    <subfield code="y">BK</subfield>
  </datafield>
  <datafield tag="999" ind1=" " ind2=" ">
    <subfield code="c">22743</subfield>
    <subfield code="d">22743</subfield>
  </datafield>
</record>
